Construction equipment and its planning and application (Record no. 19426)

000 -LEADER
fixed length control field 00472nam a22001817a 4500
001 - CONTROL NUMBER
control field 19426
003 - CONTROL NUMBER IDENTIFIER
control field BD-DhUET
008 - FIXED-LENGTH DATA ELEMENTS--GENERAL INFORMATION
fixed length control field 150405b xxu||||| |||| 00| 0 eng d
040 ## - CATALOGING SOURCE
Transcribing agency 0
Modifying agency BD-DhUET
082 ## - DEWEY DECIMAL CLASSIFICATION NUMBER
Classification number 624.154
Item number VAR/1975
100 ## - MAIN ENTRY--PERSONAL NAME
Personal name Varma, Mahesh
245 ## - TITLE STATEMENT
Title Construction equipment and its planning and application
250 ## - EDITION STATEMENT
Edition statement 2nd ed.
260 ## - PUBLICATION, DISTRIBUTION, ETC. (IMPRINT)
Place of publication, distribution, etc. Delhi
Name of publisher, distributor, etc. Metropolitan book
Date of publication, distribution, etc. 1975
300 ## - PHYSICAL DESCRIPTION
Extent 539 p.
Other physical details ill.
650 #0 - SUBJECT ADDED ENTRY--TOPICAL TERM
Topical term or geographic name as entry element Construction equipment
942 ## - ADDED ENTRY ELEMENTS (KOHA)
Koha item type General Book
Holdings
Location (home branch) Price effective from Koha date last seen Koha full call number Not for loan Copy number Sublocation or collection (holding branch) Koha item type Lost status Shelving location Source of classification or shelving scheme Damaged status Withdrawn status Piece designation (barcode) Date acquired Koha normalized classification for sorting
Central Library, BUET2015-04-052015-04-05624.154/VAR/1975 1Central Library, BUETGeneral Book Circulation section   385262015-04-05624_154000000000000_VAR_1975
Central Library, BUET2015-04-052015-04-05624.154/VAR/1975 2Central Library, BUETGeneral Book Circulation section   420122015-04-05624_154000000000000_VAR_1975
Central Library, BUET2015-04-072015-04-07624.154/VAR/1975 3Central Library, BUETGeneral Book Circulation section   385252015-04-07624_154000000000000_VAR_1975
Central Library, BUET2015-05-162015-05-16624/VAR/1975 4Central Library, BUETGeneral Book Circulation section   384482015-05-16624_000000000000000_VAR_1975